| 000 | 00766nam a22002057a 4500 | ||
|---|---|---|---|
| 999 |
_c11880 _d11880 |
||
| 003 | AR-CdUCM | ||
| 008 | 190405b ||||| |||| 00| 0 spa d | ||
| 040 |
_aMUNICIPALIDAD PROVINCIAL DEL CUSCO _cBIBLIOTECA MUNICIPAL DEL CUSCO |
||
| 082 |
_a335.8 / _bC58 / 1931 |
||
| 100 |
_aCivera, Marin _919483 |
||
| 245 |
_aEl sindicalismo : _bHistoria Filosofía Economía / |
||
| 260 |
_aValencia : _bQuiles, _c1931. |
||
| 300 |
_a268 páginas ; _c18 cm. |
||
| 505 | _aContenido: Pugna de dos generaciones -- La influencia Marxista -- La elaboración de la teoría -- La formación del sindicalismo... | ||
| 650 |
_aSindicatos _92512 |
||
| 650 |
_aFormación del socialismo _929474 |
||
| 650 |
_aCiencias sociales _91096 |
||
| 942 |
_2ddc _cLIBROS |
||
| 945 |
_adavv _d05/04/2019 |
||